| 000 | 00651nam a2200265Ia 4500 | ||
|---|---|---|---|
| 005 | 20250425161828.0 | ||
| 008 | 250425s9999 xx 000 0 und d | ||
| 020 | _a842711995X | ||
| 041 | _aspa | ||
| 043 | _asp | ||
| 082 | _a174.4 | ||
| 100 | _aGOROSQUIETA REYES, JAVIER | ||
| 245 | 0 | _aETICA DE LA EMPRESA: TEORIA Y CASOS PRACTICOS | |
| 250 | _a1A ED. | ||
| 260 | _aBILBAO | ||
| 260 |
_aEspaƱa _bEDICIONES MENSAJERO,S.A _c1996 |
||
| 300 | _a261 | ||
| 650 | _aETICA DE LOS NEGOCIOS | ||
| 650 | _aETICA EMPRESARIAL | ||
| 650 | _aFINANZAS | ||
| 650 | _aTEORIAS ECONOMICAS | ||
| 710 | _aMENSAJERO | ||
| 942 | _c01 | ||
| 010 | _a31414 | ||
| 999 |
_c216953 _d216953 |
||